000 01168nam a2200289 i 4500
003 DO-SdBNP
005 20250607073644.0
007 ta
008 250311s1996 dr 000 0 spa d
040 _aDO-SdBNP
_bspa
_cBNPHU
_erda
082 _a320.7293
_bT147n 1996
_222
110 1 _aRepública Dominicana.
_b Secretaria de Estado de Salud Pública y Asistencia Social (2001)
_956549
245 1 0 _aNuevos acontecimientos y perspectivas de desarrollo :
_c las ONG's en la actual coyuntura política, julio-septiembre 1996 : taller de análisis de coyuntura /
_bexpositores, Jorge Cela S.J., Marcos Villaman
264 1 _aSanto Domingo :
_bCIPROS,
_c1996.
300 _a64 páginas
_c21 cm.
336 _atexto
_btxt
_2rdacontent
337 _asin mediación
_bn
_2rdamedia
338 _avolumen
_bnc
_2rdacarrier
500 _ajulio- septiembre 1996.
500 _aTaller de análisis de coyuntura.
590 _aInventariado, 2025/ YL
700 _aCela S.J., Jorge
_eexpositores,
_987171
700 _aVillaman, Marcos
_eexpositores
_9760
710 _aCentro de Investigación y Promoción Social (CIPROS)
_987168
910 _aYLockward
942 _2ddc
_cLBS1
999 _c58387
_d58387